"Κοινότητες" μεταναστών και εργασιακή αντιπροσώπευση : οι επιπτώσεις του χαμηλού κύρους εργασίας πέντε μεταναστευτικών ομάδων στη συμμετοχή στους εργασιακούς συλλόγους τους

Αποθηκεύτηκε σε:
Λεπτομέρειες βιβλιογραφικής εγγραφής
Κύριος συγγραφέας: Φούσκας, Θεόδωρος
Μορφή: Βιβλίο
Γλώσσα:Greek
Δημοσίευση: Αθήνα : Παπαζήσης, 2012
Σειρά:Κοινωνιολογία και εργασία (Παπαζήσης)
Θέματα:
Ετικέτες: Προσθήκη ετικέτας
Δεν υπάρχουν, Καταχωρήστε ετικέτα πρώτοι!

MARC

LEADER 00000cam a2200000 i 4500
001 1/45339
008 140403s2012 gr | ||| |||| ||gre||
020 |a 9789600226850 
035 |l 10117286 
040 |a GR-MY-UA  |b gre  |e aacr 
041 0 |a gre 
082 0 |a 304.8495  |2 (23) 
100 1 |a Φούσκας, Θεόδωρος. 
245 1 0 |a "Κοινότητες" μεταναστών και εργασιακή αντιπροσώπευση :  |b οι επιπτώσεις του χαμηλού κύρους εργασίας πέντε μεταναστευτικών ομάδων στη συμμετοχή στους εργασιακούς συλλόγους τους /  |c Θεόδωρος Φούσκας 
260 |a Αθήνα :   |b Παπαζήσης,   |c 2012 
300 |a 777 σ.;  |b πιν.;  |c 21 εκ. 
490 1 |a Κοινωνιολογία και εργασία (Παπαζήσης) 
504 |a Περιέχει βιβλιογραφικές παραπομπές (σ. [723]-777) 
650 0 0 |a Immigrants  |z Greece  |x Interviews. 
650 0 0 |a Alien labor  |z Greece. 
650 0 0 |a Immigrants  |x Social conditions  |z Greece. 
650 0 0 |a Migrant labor  |z Greece. 
650 0 0 |a Working class  |z Greece. 
650 0 0 |a Labor unions  |z Greece. 
830 0 |a Κοινωνιολογία και εργασία (Παπαζήσης) 
852 |a INST  |b LESVOS  |e 20140403  |h 304.8495 ΦΟΥ  |p 005100053832  |q 005100053832  |t BK  |y 0 
901 |a BIBL1-2014-1 
909 |a Λ  |b 186774 
970 |a ΤΖΑΦΕΡΗ  |b ΕΥΑΓΓΕΛΙΑ  |z 2014/04/03